Albert Einstein - Statistics

General Stats
  • This quiz has been taken 35 times
  • The average score is 7 of 20
Answer Stats
Question Answer % Correct
Where was Einstein born? Germany
97%
What equation is Einstein best known for? E=MC2
79%
Einstein was spied on by which American agency? The FBI
70%
When did Einstein become an American citizen? 1940
61%
Einstein was named Person of the Century by which magazine? Time
58%
Which instrument did Einstein play? The violin
55%
Einstein's second wife was also his what? Cousin
52%
Einstein was once asked to become president of which country? Israel
52%
Einstein lived in Germany, America and where else? Switzerland
42%
How old was Einstein when he died? 76
36%
After Einstein's death, which body part was stolen? His brain
36%
What Star Wars character was modelled after Einstein's appearance? Yoda
30%
A letter Einstein wrote led to the creation of what? The Manhattan Project
27%
What award did Einstein win in 1921? Nobel Prize in Physics
18%
Einstein was an advocate for what? Nuclear disarmament
3%
What sport did Einstein enjoy? Sailing
3%
What did Einstein give his first wife in exchange for a divorce? His Nobel Winnings
0%
How long did it take Einstein to get a job in academia? Nine years
0%
Einstein was supposedly an advocate for what? Racial justice
0%
Einstein didn't speak until he was how old? Three years old
0%
No matching quizzes found
Score Distribution
Percent of People with Each Score
Percentile by Number Answered
Your Score History
You have not taken this quiz